| 000 | 00365nam a22001337a 4500 | ||
|---|---|---|---|
| 082 |
_a625.1 _bPAK _cD |
||
| 100 |
_aPakistan Railways _943510 |
||
| 245 | _aYear Book1999-2000 The financial turn around year | ||
| 260 |
_aPakistan _bLahore |
||
| 300 |
_a105 p. : _bill. : _c12 Cm |
||
| 526 |
_a0 _b0 _c0 _d625_100000000000000_PAK |
||
| 650 |
_aMCE _9379 |
||
| 942 |
_2ddc _cBK |
||
| 999 |
_c547295 _d547295 |
||